Normal view
MARC view
- Zaidi, Muṣt̤afā,
Entry Personal Name
001 - CONTROL NUMBER
- control field: 3125
003 - CONTROL NUMBER IDENTIFIER
- control field: NUST
005 - DATE AND TIME OF LATEST TRANSACTION
- control field: 20170623095236.0
008 - FIXED-LENGTH DATA ELEMENTS
- fixed length control field: 170623|| aca||aabn | a|a d
040 ## - CATALOGING SOURCE
- Original cataloging agency: NUST
- Transcribing agency: NUST
100 ## - HEADING--PERSONAL NAME
- Personal name: Zaidi, Muṣt̤afā,
- Dates associated with a name: 1930-1970. [from old catalog]
670 ## - SOURCE DATA FOUND
- Source citation: Work cat.: (NUST)0: Zaidi, Muṣt̤afā, 1930-1970. [from old catalog], Koh-i nidā., 1971
